Unità e pluralità della normativa ecclesiale: quale futuro per i codici?
Uloženo v:
| Hlavní autor: | |
|---|---|
| Korporativní autor: | |
| Médium: | Neznámo |
| Jazyk: | angličtina |
| Vydáno: |
Milano, Italia
Edizioni Glossa
2020
|
| Edice: | Quaderni della MENDOLA
|
| Témata: | |
| Tagy: |
Přidat tag
Žádné tagy, Buďte první, kdo vytvoří štítek k tomuto záznamu!
|
MARC
| LEADER | 00000 a2200000 4500 | ||
|---|---|---|---|
| 003 | CL-VaPUC | ||
| 005 | 20210610125318.0 | ||
| 008 | 210422b ||||| |||| 00| 0 eng d | ||
| 999 | |c 432655 |d 432653 | ||
| 020 | |a 9788871054544 | ||
| 040 | |c Pontificia Universidad Católica de Valparaíso | ||
| 082 | |a 262.9 GRU 2020 | ||
| 100 | |a Gruppo italiano docenti di diritto canonico |9 859905 | ||
| 245 | |a Unità e pluralità della normativa ecclesiale: |b quale futuro per i codici? | ||
| 260 | |a Milano, Italia |b Edizioni Glossa |c 2020 | ||
| 300 | |a 270 páginas | ||
| 440 | |a Quaderni della MENDOLA |n 28 |9 861011 | ||
| 583 | |k Cristina Rojas |c 20210422 | ||
| 611 | |x Actas |a XLVI Incontro di Studio |9 861012 |c Centro Turistico - Park des Dolomites |d 1-5 luglio 2019 | ||
| 650 | |a Derecho canónico |x Actas |9 861256 | ||
| 710 | |a Associazione Canonistica Italiana |9 861013 | ||
| 942 | |2 ddc |c BK | ||
| 952 | |0 0 |1 0 |2 ddc |4 0 |6 262_900000000000000_GRU_2020 |7 0 |8 A |9 577852 |a BIBDER |b BIBDER |d 2021-05-24 |e 2 |g 30365.00 |i 5582997 |l 1 |m 6 |o 262.9 GRU 2020 |p 5582997 |q 2025-12-31 |r 2021-06-14 |s 2021-06-14 |t 1 |v 30365.00 |w 2021-05-24 |y BK |k DER | ||